000 00318nam a22001337a 4500
008 170926b xxu||||| |||| 00| 0 eng d
020 _a0872875466
041 _aeng
080 _a37
100 _a46
101 _aEDU
245 _aDEVELOPING LIBRARY AND INFORMATION CENTER COLLECTIONS
_cEVANS,G.E
942 _2udc
_cBK
999 _c30025
_d30025